Schnelle Mathematik - Potenzrechnen Level 13 - Statistiken

Allgemein
  • Dieses Quiz wurde 55 mal gespielt
  • Das Durchschnittsergebnis liegt bei 17 aus 20
Antwortstatistiken
Zahl Ergebnis % Korrekt
0
100%
0
100%
1⁰ 1
100%
1
100%
2⁰ 1
100%
4⁰ 1
100%
5⁰ 1
100%
6⁰ 1
100%
8⁰ 1
100%
10⁰ 1
100%
10² 100
100%
10³ 1000
100%
10⁴ 10000
100%
10⁵ 100000
100%
10⁶ 1000000
100%
4⁵ 1024
100%
11² 121
100%
2⁷ 128
100%
2¹⁴ 16384
100%
3⁹ 19683
100%
2
100%
12⁴ 20736
100%
7⁴ 2401
100%
25
100%
2⁸ 256
100%
2⁵ 32
100%
2¹⁵ 32768
100%
8⁵ 32768
100%
343
100%
36
100%
4
100%
6⁶ 46656
100%
49
100%
5
100%
2⁹ 512
100%
3¹² 531441
100%
3¹⁰ 59049
100%
9⁵ 59049
100%
6
100%
2⁶ 64
100%
64
100%
3⁸ 6561
100%
9⁴ 6561
100%
7
100%
729
100%
8
100%
8
100%
3⁴ 81
100%
81
100%
9
100%
9
100%
2¹⁰ 1024
67%
5⁶ 15625
67%
3⁵ 243
67%
6⁴ 1296
50%
12³ 1728
50%
3⁶ 729
50%
5⁷ 78125
50%
7⁵ 16807
33%
0
0%
1
0%
1
0%
3⁰ 1
0%
7⁰ 1
0%
9⁰ 1
0%
10¹ 10
0%
7⁶ 117649
0%
125
0%
2¹⁷ 131072
0%
11³ 1331
0%
12² 144
0%
11⁴ 14641
0%
2⁴ 16
0%
16
0%
11⁵ 161051
0%
4⁷ 16384
0%
13² 169
0%
3¹¹ 177147
0%
5⁹ 1953125
0%
14² 196
0%
2¹¹ 2048
0%
216
0%
3⁷ 2187
0%
13³ 2197
0%
4⁴ 256
0%
2¹⁸ 262144
0%
4⁹ 262144
0%
8⁶ 262144
0%
27
0%
3
0%
5⁵ 3125
0%
5⁸ 390625
0%
4
0%
2¹² 4096
0%
4⁶ 4096
0%
8⁴ 4096
0%
512
0%
9⁶ 531441
0%
5⁴ 625
0%
64
0%
2¹⁶ 65536
0%
4⁸ 65536
0%
6⁵ 7776
0%
2¹³ 8192
0%
Keine übereinstimmenden Quizze gefunden
Verteilung der Resultate
Anzahl Personen mit jedem Resultat
Perzentil nach korrekt beantworteten Fragen
Ihre Resultats-Entwicklung
Sie haben dieses Quiz noch nicht gespielt